Areas of doubt (Record no. 69732)

MARC details
000 -LEADER
fixed length control field 01219cam a2200229 4500
001 - CONTROL NUMBER
control field ABS65170
008 - FIXED-LENGTH DATA ELEMENTS--GENERAL INFORMATION
fixed length control field 020307n2002 000 0 eng u
035 ## - SYSTEM CONTROL NUMBER
System control number (Sirsi) u117045
100 ## - MAIN ENTRY--PERSONAL NAME
Personal name Elsmore, K.
245 ## - TITLE STATEMENT
Title Areas of doubt
260 ## - PUBLICATION, DISTRIBUTION, ETC.
Date of publication, distribution, etc. 2002
490 ## - SERIES STATEMENT
Series statement London Housing
Volume/sequential designation February 2002, 5(1)
520 ## - SUMMARY, ETC.
Summary, etc. Looks at Appeal Court ruling on Local Reference Rent regime, which appears to contradict accepted guidelines about what constitutes a locality. Case challenged the Government's rules on rents which should be paid for private sector housing benefit claimants. In case, tenants had reasonable market rents, which exceeded the LRR, and were only eligible for housing benefit up to this level. Claimants challenged fact that rent officer had taken whole of Stockport as the locality, rather than more limited area. In order to close this anomaly, recommends abolishing LRRs, making localities smaller, or introducing more flexibility into the scheme to pay above LRR levels.
590 ## - LOCAL NOTE (RLIN)
Local note ABS
650 ## - SUBJECT ADDED ENTRY--TOPICAL TERM
Topical term or geographic name entry element LOCAL REFERENCE RENT
650 ## - SUBJECT ADDED ENTRY--TOPICAL TERM
Topical term or geographic name entry element RENTS
650 ## - SUBJECT ADDED ENTRY--TOPICAL TERM
Topical term or geographic name entry element MARKET RENTS
650 ## - SUBJECT ADDED ENTRY--TOPICAL TERM
Topical term or geographic name entry element PRIVATE RENTED SECTOR
650 ## - SUBJECT ADDED ENTRY--TOPICAL TERM
Topical term or geographic name entry element LOCALITY
690 ## - LOCAL SUBJECT ADDED ENTRY--TOPICAL TERM (OCLC, RLIN)
Topical term or geographic name as entry element LANDLORD AND TENANT-RENT REVIEWS
942 ## - ADDED ENTRY ELEMENTS (KOHA)
Suppress in OPAC 0
Holdings
Withdrawn status Lost status Source of classification or shelving scheme Damaged status Not for loan Home library Current library Shelving location Date acquired Total Checkouts Full call number Barcode Date last seen Copy number Price effective from Koha item type
    Dewey Decimal Classification     London London Journal article 07/03/2002   ABS65170 117045-1001 06/08/2019 1 06/08/2019 Journal article